Capitaines emblématiques de ligue 1 en images - Statistiques

Statistiques générales
  • Ce quiz a été pris 109 fois
  • Le résultat moyen est 16 sur 24
Statistiques - réponses
Par images Réponse % Correct
Thiago Silva
99%
Steve Mandanda
98%
Didier Deschamps
95%
Dante
94%
Juninho
93%
Radamel Falcao
93%
Rio Mavuba
88%
Seko Fofana
88%
Loïc Perrin
86%
José Fonte
82%
Maxime Gonalons
81%
Jérémy Toulalan
79%
Vitorino Hilton
78%
Mickaël Landreau
76%
Bixente Lizarazu
73%
Alain Giresse
57%
Yunis Abdelhamid
54%
Luis Fernandez
49%
Romain Danzé
35%
Jean-Michel Larqué
28%
Maxime Bossis
17%
Sylvain Kastendeuch
17%
Lionel Mathis
16%
Dominique Arribagé
12%
Aucun quiz correspondant
Distribution des résultats
% des personnes avec chaque résultat
Percentile par nombre de réponses
Votre historique - résultats
Vous n’avez pas pris ce quiz